Statistics for British Cities

Click here to take the quiz!

General Stats

  • This quiz has been taken 26 times
  • The average score is 45 of 69

Answer Stats

City% Correct
Aberdeen
100%
Edinburgh
100%
Liverpool
100%
Glasgow
100%
Cardiff
100%
Newcastle upon Tyne
96%
Birmingham
96%
Manchester
96%
London
96%
Southampton
91%
Norwich
91%
Leeds
91%
York
91%
Bristol
91%
Belfast
91%
Bath
87%
Chester
87%
Inverness
83%
Portsmouth
83%
Swansea
83%
Sheffield
83%
Leicester
78%
Oxford
78%
Dundee
78%
Plymouth
78%
Cambridge
74%
Exeter
74%
Winchester
70%
Nottingham
70%
Coventry
70%
Canterbury
70%
Lancaster
65%
Salisbury
65%
Gloucester
65%
Perth
65%
Ely
65%
Derby
65%
Preston
61%
Derry
61%
Lincoln
61%
Sunderland
57%
Stirling
57%
Bradford
57%
Wolverhampton
57%
Durham
57%
Newport
52%
Truro
52%
Worcester
52%
Stoke on Trent
52%
St Davids
52%
Carlisle
52%
Chichester
48%
Hereford
48%
Bangor
48%
Chelmsford
43%
Peterborough
43%
Brighton and hove
39%
Wells
39%
Westminster
39%
Armagh
39%
Lichfield
39%
Salford
35%
St Albans
35%
Ripon
35%
Wakefield
35%
St Asaph
30%
Newry
30%
Lisburn
30%
Kingston on Hull
13%

Score Distribution

Percentile by Number Answered

Percent of People with Each Score

Your Score History

You have not taken this quiz